| 000 | 00725nam a2200265Ia 4500 | ||
|---|---|---|---|
| 003 | OSt | ||
| 005 | 20220918194738.0 | ||
| 006 | a|||||r|||| 00| 0 | ||
| 007 | ta | ||
| 008 | 220917b |||||||| |||| 00| 0 eng d | ||
| 024 | _a81,328 | ||
| 037 | _cTextual | ||
| 040 |
_aARTS _cARTS _beng |
||
| 041 |
_2eng _aeng |
||
| 082 | _aS:86, L63 | ||
| 100 |
_aEysenck Hans J _986789 |
||
| 245 | 0 | _aPsychoticism as a dimension of personality | |
| 260 |
_aLondon _bHodder and Stoughton _c1976 |
||
| 300 |
_axi,232p. _ccm. |
||
| 500 | _aBib 204-24p | ||
| 650 | _aPSYCHOLOGY | ||
| 700 |
_a Eysenck Sybil B G _986790 |
||
| 942 |
_hS:86, L63 _cTEXL _2CC |
||
| 999 |
_c205050 _d205050 |
||